Countries Without The Letter "A" - Statistics

General Stats
  • This quiz has been taken 94 times
    93 since last reset
  • The average score is 20 of 30
Answer Stats
Region Answer % Correct
Europe Belgium
83%
South America Chile
83%
Central America Belize
81%
Europe Sweden
81%
Asia Yemen
81%
Africa Togo
80%
Africa Egypt
79%
Oceania Fiji
79%
Central America Mexico
77%
Europe Liechtenstein
76%
Africa Benin
74%
South America Peru
73%
Europe Greece
70%
Europe Luxembourg
70%
Asia Turkey
70%
Asia Cyprus
67%
Africa Niger
67%
Europe United Kingdom
67%
Africa Comoros
66%
Africa Djibouti
61%
Africa Morocco
61%
Asia Brunei
59%
Africa Burundi
59%
Africa Lesotho
59%
Asia Philippines
57%
Europe Montenegro
54%
Africa Seychelles
54%
Europe Czech Republic
39%
Africa Republic of the Congo
39%
Asia Timor-Leste
17%
No matching quizzes found
Score Distribution
Percent of People with Each Score
Percentile by Number Answered
Your Score History
You have not taken this quiz since the last reset